[Event "Sports Meet Chess Tour 55th"]
[Site "New Delhi"]
[Date "2022.12.19"]
[Round "5.1"]
[White "Chandratreya, Prachiti"]
[Black "Pradip, Damodhar Bawankule"]
[Result "1/2-1/2"]
[WhiteElo "1998"]
[BlackElo "1119"]
[PlyCount "111"]
[EventDate "2022.12.15"]
[EventType "team-swiss"]
[EventRounds "7"]
[EventCountry "IND"]
[SourceTitle "CBM 212 Extra"]
[Source "ChessBase"]
[SourceDate "2023.03.31"]
[SourceVersion "1"]
[SourceVersionDate "2023.03.31"]
[SourceQuality "1"]
[WhiteTeam "Jodhpur"]
[BlackTeam "Tirupati"]
[WhiteTeamCountry "IND"]
[BlackTeamCountry "IND"]

1. e4 Nc6 2. d4 e5 3. d5 Nce7 4. d6 cxd6 5. Nc3 d5 6. Nxd5 Ng6 7. Qf3 Nf6 8. Bg5 Qa5+ 9. Bd2 Qd8 10. Nxf6+ Qxf6 11. Qxf6 gxf6 12. 0-0-0 Bc5 13. Be3 Bxe3+ 14. fxe3 Ke7 15. Bc4 d6 16. Ne2 Bg4 17. h3 Bxe2 18. Bxe2 Nf8 19. Bc4 Ne6 20. Bd5 Rab8 21. Rhf1 Rhg8 22. Rd2 b6 23. a3 Rg6 24. Rdf2 Rbg8 25. g4 h5 26. gxh5 Rh6 27. Kd2 Rg5 28. h4 Rgxh5 29. Rg1 Rxh4 30. Rg8 Rh8 31. Rfg2 Ng5 32. Rxh8 Rxh8 33. a4 Rh2 34. Rxh2 Nf3+ 35. Kd3 Nxh2 36. b4 Nf3 37. Kc4 Kd7 38. Bxf7 Nd2+ 39. Kd3 Nf1 40. Bg6 Ng3 41. c3 Ke6 42. Kc4 Nf1 43. Kd3 Ng3 44. Be8 f5 45. exf5+ Kxf5 46. Bd7+ Kf6 47. a5 bxa5 48. bxa5 d5 49. Bh3 Ke7 50. a6 Kd6 51. c4 e4+ 52. Kc3 Kc5 53. cxd5 Kxd5 54. Kb4 Ne2 55. Bc8 Ng3 56. Bh3 1/2-1/2